[Event "POR-chT 1st Divison 2018"]
[Site "Maia"]
[Date "2018.07.22"]
[Round "9"]
[White "Lombaers, Peter"]
[Black "Martinez Duany, Lelys Stanley"]
[Result "0-1"]
[WhiteElo "2361"]
[BlackElo "2528"]
[Annotator "TA"]
[PlyCount "213"]
[EventDate "2018.07.16"]
[EventType "team-tourn"]
[EventCountry "POR"]
[SourceTitle "playchess.com"]
[Source "ChessBase"]
[SourceQuality "1"]

{[%evp 16,213,16,15,37,1,15,-1,0,0,13,13,18,12,11,0,0,-31,-40,-22,-39,-39,-29,-21,-27,-36,-13,-34,33,27,104,114,259,50,72,50,87,83,61,68,83,81,95,20,9,22,38,18,43,5,5,7,4,-8,-7,-30,-40,-33,-33,-55,-49,-57,-50,-49,-53,-50,-45,-36,-16,-21,0,-56,-8,-7,0,-15,0,-44,-50,-50,-46,-60,-31,-41,-43,-40,-38,-51,-34,-37,-27,-27,-25,-33,-20,-20,-19,-20,-20,-48,-27,-40,-39,-44,-37,-52,-47,-41,-41,-41,-43,-47,-22,-30,0,-8,-8,-16,-16,-16,-16,-19,-16,-30,-16,-30,-27,-27,-27,-35,-19,-27,0,-35,-28,-55,-55,-64,-62,-68,-55,-55,-55,-83,-66,-56,-68,-69,-69,-69,-8,-8,-8,-8,0,-8,0,-83,-83,-83,0,-8,0,-83,-83,-96,-96,-96,-96,-170,-170,-391,-391,-415,-393,-401,-356,-295,-96,-295,-295,-295,-96,-1274,-1106,-4534,-1685,-5839,-6089,-5623,-5883,-5492,-5367,-5106,-4926,-4133,-2016,-1632,-1329,-1164]} 1. c4 Nf6 2. g3 g6 3. Bg2 Bg7 4. Nc3 O-O 5. Nf3 d6 6. O-O e5 7. d3 Re8 8. e4 c6 {A24: English Opening vs King's Indian: Lines without ...Nc6} (8... Bg4 9. h3 Bxf3 10. Bxf3 Nc6 11. Bg2 Nd7 12. Be3 Nc5 13. Qd2 a5 14. Rad1 Nd4 15. Kh1 c6 16. Ne2 {1-0 (52) Benidze,D (2520)-Bogdanovich,S (2593) Istanbul 2017}) 9. b4 {LiveBook: 3 Games} h6 10. Bb2 Be6 {The position is equal.} 11. b5 $146 ({Predecessor:} 11. h3 Nbd7 12. Nd2 a6 13. Rc1 h5 14. Ne2 d5 15. f4 dxe4 16. dxe4 exf4 {½-½ (46) Radovic,L (2279)-Solomunovic,I (2400) Banja Vrujci 2017}) 11... Nbd7 12. Rb1 a6 13. bxc6 bxc6 {[%cal Bb7c6,Bc6d5][%mdl 32]} 14. Na4 Qc7 15. Bc3 d5 16. exd5 cxd5 17. Re1 {[%cal Rf3e5]} e4 18. Nd4 Bg4 19. Qd2 Ne5 20. Ba5 Qa7 21. Nb6 Nxd3 (21... dxc4 $15 22. dxe4 Rad8) 22. Nc6 $36 {[%mdl 2048] White has some pressure.} Qc7 (22... Qb7 $11 23. cxd5 Nxe1 24. Rxe1 Rad8) 23. cxd5 $16 Nxe1 (23... Rab8 $16) 24. Rxe1 $2 ({White must play} 24. Nxa8 $18 Qd6 25. Nc7 (25. Qxe1 Rxa8 26. Bb4 Qd7 $14) 25... Nxg2 26. Nxe8 Nxe8 27. Rb8 (27. Kxg2 Kh7 $16)) 24... Rac8 25. Rc1 {Hoping for h3.} Qb7 26. Nxc8 Bxc8 27. d6 {Threatens to win with Ne7+.} Bd7 28. Ne7+ Kh7 29. Qb4 ({White should play} 29. h4 $16) 29... Qxb4 $11 30. Bxb4 Rb8 31. a3 Rb6 32. h3 a5 33. Bc5 Rb2 34. g4 Rd2 35. Bb6 Rxd6 36. Bxa5 Bf8 37. Nc8 Rd3 38. Bb4 Bxb4 39. axb4 Rd4 40. Nb6 Bb5 41. Rb1 Bd3 42. Rb2 Bb5 43. Rb1 Rd6 44. Nc8 Rd8 45. Rc1 Rd4 46. Na7 Rxb4 47. Nxb5 Rxb5 $15 {[%mdl 4096] Endgame KRB-KRN} 48. Re1 h5 49. gxh5 Rxh5 50. Bxe4 Rxh3 51. Kg2 Rh5 (51... Ra3 {is more complex.} 52. Bc6 Rc3 53. Ba8 Nh5 54. Re4 f5) 52. Bb1 Ra5 53. Re7 Kg7 54. Bc2 Nd5 55. Rb7 Nf4+ 56. Kf3 Ne6 {White must now prevent ...Nd4+.} 57. Kg2 Nd4 58. Bd3 Rg5+ 59. Kf1 Rc5 60. Kg2 Rc3 61. Be4 Ne6 62. Ra7 Nf4+ 63. Kh2 g5 64. Ra5 Kh6 65. Rf5 Rc7 66. Rf6+ Kg7 67. Rf5 f6 68. Ra5 Re7 69. Bf5 Ne2 70. Rd5 Ra7 71. Rd2 Nf4 72. Rb2 Nd5 73. Be4 Nf4 74. Bf5 Kf7 75. Rd2 Ra5 76. Bc8 Rc5 77. Bb7 Ke6 78. Rb2 Ke5 79. Ba6 Rc3 80. Rb5+ Ke6 81. Rb6+ Kf5 82. Bb5 g4 (82... Ke5 $15 83. Bd7 Rf3) 83. Bd7+ $11 Kg5 {aiming for ...Rf3.} 84. Rb8 Rh3+ 85. Kg1 Rh6 86. Rg8+ (86. Rb5+ $11 {remains equal.} Kh4 87. Rb4) 86... Rg6 $17 87. Ra8 Rh6 ({Black should try} 87... Rg7 $17 88. Ra5+ Kh4) 88. Rg8+ $11 Rg6 (88... Ng6 $11) 89. Ra8 $17 Rg7 90. Bc6 f5 91. Rf8 Ng6 92. Ra8 (92. Rd8 $17) 92... Rc7 $1 $19 {[%cal Rc7c6]} 93. Ra6 $2 (93. Bg2 {was worth a try.}) 93... Ne5 94. Ba8 Rc1+ 95. Kg2 Nd3 96. Ra5 Nc5 $2 (96... Nf4+ $1 $19 {is more deadly.} 97. Kg3 Rg1+ 98. Kh2 Re1) 97. Ra7 $2 {[#]} (97. Rb5 $17) 97... Ne6 $1 98. Ra5 Nf4+ 99. Kh2 $2 {[%mdl 8192]} (99. Kg3 $17) 99... Rc2 {Black is clearly winning.} 100. Kg3 {[#]} Nh5+ $1 101. Kg2 g3 102. Be4 Rxf2+ 103. Kg1 Kg4 104. Bd3 Ng7 105. Ra6 Kg5 106. Ra8 Rd2 107. Bb5 {Precision: White = 49%, Black = 51%.} 0-1

[Event "POR-chT 1st Divison 2018"]
[Site "Maia"]
[Date "2018.07.22"]
[Round "9"]
[White "Marchena Hurtado, Javier"]
[Black "Kaczur, Florian"]
[Result "0-1"]
[WhiteElo "2354"]
[BlackElo "2471"]
[Annotator "TA"]
[PlyCount "84"]
[EventDate "2018.07.16"]
[EventType "team-tourn"]
[EventCountry "POR"]
[SourceTitle "playchess.com"]
[Source "ChessBase"]
[SourceQuality "1"]

{[%evp 25,84,12,18,-4,0,-12,-18,-17,-16,-14,-11,-18,-23,-14,-17,-13,-21,-21,-12,-3,43,0,179,45,105,108,95,0,0,0,0,-23,-11,-23,-21,-34,-18,-43,-22,-53,-45,-129,-119,-133,-120,-174,-180,-177,-159,-175,-169,-227,-219,-177,-212,-227,-145,-264,-151,-681,-677]} 1. e4 e5 2. Nf3 Nc6 3. Bc4 Nf6 4. d3 Be7 5. O-O O-O 6. Re1 d6 7. c3 Na5 8. Bb5 a6 9. Ba4 b5 10. Bc2 c5 11. Nbd2 {[%cal Bb1d2,Bd2f1,Bf1g3][%mdl 32]} Re8 12. Nf1 Bf8 13. a4 b4 {LiveBook: 3 Games. C90: Closed Ruy Lopez with 7...d6: Early deviations} (13... Bb7 14. axb5 axb5 15. Bg5 Be7 16. Ne3 Nd7 17. Bxe7 Qxe7 18. b4 cxb4 19. cxb4 Nc6 20. Nd5 Qd8 21. Rxa8 Bxa8 {1-0 (54) Hevia Alejano,C (2518)-Bachmann,A (2545) Bogota 2013}) 14. Ng3 Rb8 15. d4 bxc3 $146 {The position is equal.} ({Predecessor:} 15... b3 16. Bb1 cxd4 17. cxd4 Bg4 18. d5 Nd7 19. h3 Bxf3 20. Qxf3 {0-1 (43) Huguet Mainar,S-Baron Rodriguez,J Zaragoza 1995}) 16. bxc3 cxd4 17. cxd4 Bg4 18. d5 Qc7 19. Bd3 Nb3 20. Ra2 Nxc1 21. Qxc1 Qa5 22. Qd2 Rb4 23. Rc1 Bd7 $2 {[#]} (23... Rc8 $11 {and Black has nothing to worry.}) 24. Ne1 (24. Rc4 $1 $18 Reb8 25. Nf1) 24... Qb6 {[#]} ({Black should try} 24... Rc8 $1 $14) 25. a5 $1 $16 {[%cal Ra5b6]} Qb8 26. Rc4 (26. Bxa6 $16 {Hoping for Bd3.} Nxe4 27. Nxe4 Rxe4 28. Bd3) 26... Rb7 $11 27. Rc1 Qa7 28. Qe2 Ra8 29. Nc2 g6 30. Na3 Be8 31. h3 Nd7 32. Nf1 Nc5 33. Bc4 (33. Ne3 $15) 33... Bh6 $17 34. Rcc2 Rab8 35. Kh1 (35. Rcb2 $17 {was worth a try.}) 35... Rb4 $19 {[%cal Bb7b4,Bb4a4,Ba4a5][%mdl 32]} 36. f3 Ra4 37. Qe1 Qc7 38. Bxa6 (38. Nb1 $142) 38... Qxa5 ({Don't do} 38... Rxa5 39. Bc4) 39. Qxa5 Rxa5 40. Bc4 Rb4 41. Kh2 (41. Rab2 $17 {was necessary.} Rxb2 42. Rxb2) 41... Bd7 (41... f5 $19 42. exf5 gxf5) 42. Nb1 $2 {[#]} (42. Be2 $17) 42... Rxc4 $1 {[%mdl 512] Precision: White = 10%, Black = 67%.} 0-1

[Event "POR-chT 1st Divison 2018"]
[Site "Maia"]
[Date "2018.07.22"]
[Round "9"]
[White "Alshameary Puente, Ismael"]
[Black "Dias, Ivo Rodrigues"]
[Result "1/2-1/2"]
[WhiteElo "2352"]
[BlackElo "2138"]
[Annotator "NA"]
[PlyCount "59"]
[EventDate "2018.07.16"]
[EventType "team-tourn"]
[EventCountry "POR"]
[SourceTitle "playchess.com"]
[Source "ChessBase"]
[SourceQuality "1"]
[TimeControl "5400+30"]

1. d4 Nf6 {[%emt 0:02:15]} 2. c4 {[%emt 0:00:00]} g6 {[%emt 0:00:28]} 3. Nf3 {[%emt 0:00:02]} Bg7 {[%emt 0:00:09]} 4. g3 {[%emt 0:00:04]} c6 {[%emt 0:00:50]} 5. Bg2 {[%emt 0:00:15]} d5 {[%emt 0:00:06]} 6. O-O {[%emt 0:00:29]} O-O {[%emt 0:00:03]} 7. Qb3 {[%emt 0:00:06]} Qb6 {[%emt 0:00:06]} 8. Nc3 {[%emt 0:00:19]} Rd8 {[%emt 0:00:02]} 9. Na4 {[%emt 0:00:27]} Qxb3 {[%emt 0:04:26]} 10. axb3 {[%emt 0:00:20]} Na6 {[%emt 0:01:31]} 11. Bf4 {[%emt 0:00:37]} Bf5 {[%emt 0:02:55]} 12. Rfc1 {[%emt 0:00:33]} Bg4 {[%emt 0:20:29]} 13. Be5 {[%emt 0:09:54]} Ne4 {[%emt 0:20:50]} 14. Bxg7 {[%emt 0:01:49]} Kxg7 {[%emt 0:00:02]} 15. Ne5 {[%emt 0:04:24]} Be6 {[%emt 0:00:49]} 16. Bxe4 {[%emt 0:00:46]} dxe4 {[%emt 0:00:14]} 17. Nc3 {[%emt 0:00:05]} Nb4 {[%emt 0:06:04]} 18. Nxe4 {[%emt 0:02:00]} Rxd4 {[%emt 0:00:23]} 19. Nc5 {[%emt 0:00:06]} Bc8 {[%emt 0:00:46]} 20. Ra4 {[%emt 0:01:53]} a5 {[%emt 0:00:52]} 21. Rca1 {[%emt 0:02:19]} Nc2 {[%emt 0:00:22]} 22. Rc1 {[%emt 0:00:15]} Nb4 {[%emt 0:00:29]} 23. Ncd3 {[%emt 0:21:19]} Nxd3 {[%emt 0:01:40]} 24. Nxd3 {[%emt 0:00:10]} Bf5 {[%emt 0:01:30]} 25. b4 {[%emt 0:11:42]} Bxd3 {[%emt 0:00:19]} 26. exd3 {[%emt 0:00:05]} Rxd3 {[%emt 0:01:18]} 27. bxa5 {[%emt 0:00:42]} Rb3 {[%emt 0:00:21]} 28. Rc2 {[%emt 0:00:04]} c5 {[%emt 0:00:07]} 29. Kf1 {[%emt 0:02:36]} Ra6 {[%emt 0:00:29]} 30. Ra1 {[%emt 0:03:44]} 1/2-1/2

[Event "POR-chT 1st Divison 2018"]
[Site "Maia"]
[Date "2018.07.22"]
[Round "9"]
[White "Espineira Gonzalez, Diego"]
[Black "Carneiro, Carlos"]
[Result "1-0"]
[WhiteElo "2327"]
[BlackElo "2094"]
[Annotator "NA"]
[PlyCount "79"]
[EventDate "2018.07.16"]
[EventType "team-tourn"]
[EventCountry "POR"]
[SourceTitle "playchess.com"]
[Source "ChessBase"]
[SourceQuality "1"]
[TimeControl "5400+30"]

1. e4 {[%emt 0:00:00]} c5 {[%emt 0:00:08]} 2. Nf3 {[%emt 0:00:00]} g6 {[%emt 0:00:07]} 3. d4 {[%emt 0:00:00]} cxd4 {[%emt 0:00:04]} 4. Nxd4 {[%emt 0:00:00]} Bg7 {[%emt 0:00:13]} 5. Nc3 {[%emt 0:00:00]} Nc6 {[%emt 0:00:07]} 6. Nde2 {[%emt 0:00:00]} Nf6 {[%emt 0:00:24]} 7. g3 {[%emt 0:00:00]} d6 {[%emt 0:05:41]} 8. Bg2 {[%emt 0:00:32]} O-O {[%emt 0:00:39]} 9. O-O {[%emt 0:00:05]} Bd7 {[%emt 0:01:51]} 10. h3 {[%emt 0:00:22]} Rc8 {[%emt 0:00:18]} 11. Nd5 {[%emt 0:00:19]} Nxd5 {[%emt 0:03:10]} 12. exd5 {[%emt 0:00:32]} Na5 {[%emt 0:02:36]} 13. a4 $11 {[%emt 0:02:26] LiveBook: 3 Games} Qb6 {[%emt 0:06:24]} 14. Ra2 {[%emt 0:00:28]} Bf5 {[%emt 0:11:09]} 15. b3 {[%emt 0:01:09]} Qc5 {[%emt 0:09:08]} 16. c4 {[%emt 0:03:54]} Qb4 {[%emt 0:10:47]} 17. Ra3 {[%emt 0:03:21]} b6 {[%emt 0:04:40]} 18. Nd4 {[%emt 0:11:55]} Qc3 {[%emt 0:12:01]} 19. Nb5 {[%emt 0:05:57]} Qc2 {[%emt 0:06:57]} 20. Nxa7 {[%emt 0:00:22]} Rc7 {[%emt 0:02:35]} 21. Nc6 {[%emt 0:01:59]} Qxd1 {[%emt 0:01:18]} 22. Rxd1 {[%emt 0:00:06]} Bc2 {[%emt 0:01:54]} 23. Rd2 {[%emt 0:01:11]} Bf5 {[%emt 0:06:15]} 24. g4 {[%emt 0:06:10]} Bb1 {[%emt 0:01:05]} 25. Re2 {[%emt 0:00:54]} e5 {[%emt 0:00:20]} 26. Be3 {[%emt 0:03:58]} Nxc6 {[%emt 0:03:27]} 27. dxc6 {[%emt 0:00:20]} e4 {[%emt 0:01:11]} 28. Bxb6 {[%emt 0:04:20]} Rxc6 {[%emt 0:00:09]} 29. a5 {[%emt 0:00:04]} f5 {[%emt 0:00:23]} 30. Rd2 {[%emt 0:21:06]} f4 {[%emt 0:03:12]} 31. Bd4 {[%emt 0:01:10]} Bxd4 {[%emt 0:04:01]} 32. Rxd4 {[%emt 0:00:09]} e3 {[%emt 0:03:22]} 33. fxe3 {[%emt 0:00:24]} f3 {[%emt 0:00:27]} 34. Bf1 {[%emt 0:00:09]} d5 {[%emt 0:00:45]} 35. Kf2 {[%emt 0:01:33]} Be4 {[%emt 0:00:36]} 36. a6 {[%emt 0:00:15]} Ra8 {[%emt 0:00:31]} 37. cxd5 {[%emt 0:00:35]} Rc2+ {[%emt 0:00:30]} 38. Kg3 {[%emt 0:00:07]} Rc1 {[%emt 0:00:31]} 39. Rxe4 {[%emt 0:00:26]} Rxf1 {[%emt 0:00:05]} 40. Rf4 {[%emt 0:00:25]} 1-0

[Event "POR-chT 1st Divison 2018"]
[Site "Maia"]
[Date "2018.07.22"]
[Round "9"]
[White "Galvao, Henrique"]
[Black "Neves, Pedro"]
[Result "1/2-1/2"]
[WhiteElo "2161"]
[BlackElo "2236"]
[Annotator "NA"]
[PlyCount "109"]
[EventDate "2018.07.16"]
[EventType "team-tourn"]
[EventCountry "POR"]
[SourceTitle "playchess.com"]
[Source "ChessBase"]
[SourceQuality "1"]
[TimeControl "5400+30"]

1. e4 {[%emt 0:00:00]} c5 {[%emt 0:00:27]} 2. d4 {[%emt 0:00:12]} cxd4 {[%emt 0:00:07]} 3. Nf3 {[%emt 0:00:05]} Nc6 {[%emt 0:00:23]} 4. Nxd4 {[%emt 0:00:11]} e6 {[%emt 0:01:13]} 5. c4 {[%emt 0:00:53]} Qc7 {[%emt 0:01:16]} 6. Nc3 {[%emt 0:01:42]} a6 {[%emt 0:00:09]} 7. Be2 {[%emt 0:00:27]} Nf6 {[%emt 0:01:45]} 8. O-O {[%emt 0:01:14]} h5 {[%emt 0:06:58]} 9. Nxc6 $14 {[%emt 0:00:56]} dxc6 {[%emt 0:01:32]} 10. h3 {[%emt 0:00:36]} e5 {[%emt 0:08:00]} 11. Be3 {[%emt 0:01:25]} Be6 {[%emt 0:12:18]} 12. Qd3 {[%emt 0:09:34]} Rd8 {[%emt 0:09:32]} 13. Qc2 {[%emt 0:01:54]} Rg8 {[%emt 0:04:09]} 14. Rfd1 {[%emt 0:02:58]} Rxd1+ {[%emt 0:00:29]} 15. Rxd1 {[%emt 0:00:10]} g5 {[%emt 0:02:40]} 16. Na4 {[%emt 0:03:47]} Be7 {[%emt 0:00:57]} 17. Bb6 {[%emt 0:06:20]} Qc8 {[%emt 0:00:31]} 18. Bc5 {[%emt 0:00:42]} g4 {[%emt 0:07:54]} 19. Bxe7 {[%emt 0:03:09]} Kxe7 {[%emt 0:00:17]} 20. Qd3 {[%emt 0:07:31]} Rd8 {[%emt 0:10:12]} 21. Qxd8+ {[%emt 0:00:21]} Qxd8 {[%emt 0:00:06]} 22. Rxd8 {[%emt 0:00:10]} Kxd8 {[%emt 0:00:01]} 23. hxg4 {[%emt 0:01:55]} hxg4 {[%emt 0:00:51]} 24. Nc5 {[%emt 0:01:16]} Kc7 {[%emt 0:01:07]} 25. Kh2 {[%emt 0:04:51]} Bc8 {[%emt 0:02:23]} 26. Nd3 {[%emt 0:04:39]} Nxe4 {[%emt 0:01:07]} 27. Nxe5 {[%emt 0:03:13]} f6 {[%emt 0:07:39]} 28. Nxg4 {[%emt 0:09:34]} Bxg4 {[%emt 0:00:08]} 29. Bxg4 {[%emt 0:00:07]} Nxf2 {[%emt 0:00:05]} 30. Kg3 {[%emt 0:11:16]} Nd3 {[%emt 0:00:31]} 31. b3 {[%emt 0:02:20]} Nc1 {[%emt 0:00:51]} 32. Kf4 {[%emt 0:00:09]} Kd8 {[%emt 0:00:04]} 33. Be6 {[%emt 0:02:00]} b6 {[%emt 0:04:13]} 34. Kf5 {[%emt 0:04:46]} Ke7 {[%emt 0:00:10]} 35. b4 {[%emt 0:02:09]} Nxa2 {[%emt 0:09:29]} 36. c5 Nxb4 37. cxb6 {[%emt 0:00:31]} c5 {[%emt 0:00:12]} 38. Bc4 {[%emt 0:01:04]} a5 {[%emt 0:00:36]} 39. Bb5 {[%emt 0:02:18]} Kd6 {[%emt 0:00:29]} 40. b7 {[%emt 0:03:48]} Kc7 {[%emt 0:00:01]} 41. Kxf6 {[%emt 0:00:08]} Kxb7 {[%emt 0:02:26]} 42. g4 {[%emt 0:00:18]} Kc7 {[%emt 0:03:32]} 43. Bc4 {[%emt 0:01:41]} Kd6 {[%emt 0:02:29]} 44. g5 {[%emt 0:00:42]} Nc6 {[%emt 0:00:32]} 45. g6 {[%emt 0:01:46]} Ne7 {[%emt 0:00:10]} 46. g7 {[%emt 0:00:15]} a4 {[%emt 0:00:03]} 47. Ba2 {[%emt 0:02:29]} Kd7 {[%emt 0:00:17]} 48. Be6+ {[%emt 0:01:26]} Kd6 {[%emt 0:00:08]} 49. Bc4 {[%emt 0:00:13]} Kd7 {[%emt 0:01:03]} 50. Bb5+ {[%emt 0:01:17]} Kd6 {[%emt 0:00:03]} 51. Bxa4 {[%emt 0:00:08]} c4 {[%emt 0:00:32]} 52. Bc2 {[%emt 0:01:10]} Ng8+ {[%emt 0:00:35]} 53. Kf7 {[%emt 0:02:20]} Nh6+ {[%emt 0:00:09]} 54. Kg6 {[%emt 0:00:03]} Ng8 {[%emt 0:00:04]} 55. Bb3 1/2-1/2

[Event "POR-chT 1st Divison 2018"]
[Site "Maia"]
[Date "2018.07.22"]
[Round "9"]
[White "Cruz, Jorge Filipe Egas"]
[Black "Guerreiro, Nuno"]
[Result "1/2-1/2"]
[WhiteElo "2159"]
[BlackElo "2050"]
[Annotator "NA"]
[PlyCount "95"]
[EventDate "2018.07.16"]
[EventType "team-tourn"]
[EventCountry "POR"]
[SourceTitle "playchess.com"]
[Source "ChessBase"]
[SourceQuality "1"]
[TimeControl "5400+30"]

1. e4 {[%emt 0:00:00]} Nc6 {[%emt 0:00:42]} 2. Nf3 {[%emt 0:00:18]} Nf6 {[%emt 0:00:50]} 3. e5 {[%emt 0:01:21]} Nd5 {[%emt 0:00:14]} 4. d4 {[%emt 0:03:28]} d6 {[%emt 0:01:48]} 5. exd6 {[%emt 0:05:55]} cxd6 {[%emt 0:01:14]} 6. c3 {[%emt 0:00:35]} e6 {[%emt 0:09:02]} 7. Be2 {[%emt 0:03:07]} Nf6 {[%emt 0:00:56]} 8. O-O {[%emt 0:05:33]} Be7 {[%emt 0:00:46]} 9. Bg5 {[%emt 0:07:48]} O-O {[%emt 0:01:34]} 10. Nbd2 {[%emt 0:03:03]} Rb8 {[%emt 0:03:27]} 11. Bd3 {[%emt 0:11:37]} Nd5 {[%emt 0:02:59]} 12. Bxe7 {[%emt 0:03:00]} Qxe7 {[%emt 0:02:38]} 13. Re1 {[%emt 0:00:31]} Nf4 {[%emt 0:03:02]} 14. Bc2 {[%emt 0:03:53]} b5 {[%emt 0:02:24]} 15. Ne4 {[%emt 0:06:35]} d5 {[%emt 0:11:27]} 16. Nc5 {[%emt 0:01:41]} b4 {[%emt 0:02:08]} 17. g3 {[%emt 0:02:16]} Ng6 {[%emt 0:01:47]} 18. Qd3 {[%emt 0:03:46]} Qf6 {[%emt 0:06:16]} 19. Ne5 {[%emt 0:08:09]} Ncxe5 {[%emt 0:01:39]} 20. dxe5 {[%emt 0:01:46]} Qe7 {[%emt 0:00:28]} 21. Nb3 {[%emt 0:02:54]} bxc3 {[%emt 0:01:36]} 22. bxc3 {[%emt 0:01:15]} Rb6 {[%emt 0:01:23]} 23. h4 {[%emt 0:00:55]} Ba6 {[%emt 0:00:35]} 24. Qf3 {[%emt 0:03:04]} Rc8 {[%emt 0:00:54]} 25. h5 {[%emt 0:01:08]} Nf8 {[%emt 0:00:39]} 26. Rad1 {[%emt 0:01:30]} Rbc6 {[%emt 0:01:27]} 27. Re3 {[%emt 0:00:35]} h6 {[%emt 0:03:42]} 28. Rd4 {[%emt 0:05:02]} Qc7 {[%emt 0:10:19]} 29. Rg4 {[%emt 0:06:56]} Nh7 {[%emt 0:04:44]} 30. Nd4 {[%emt 0:01:48]} Ng5 {[%emt 0:02:20]} 31. Rxg5 {[%emt 0:01:14]} hxg5 {[%emt 0:00:03]} 32. Nxc6 {[%emt 0:00:07]} Qxc6 {[%emt 0:00:16]} 33. Qg4 {[%emt 0:01:43]} Qc4 {[%emt 0:00:27]} 34. Qxc4 {[%emt 0:02:03]} Rxc4 {[%emt 0:01:28]} 35. Bb3 {[%emt 0:00:48]} Rc5 {[%emt 0:03:42]} 36. f3 {[%emt 0:00:13]} Ra5 {[%emt 0:00:35]} 37. Kf2 {[%emt 0:00:51]} Ra3 {[%emt 0:01:00]} 38. Re1 {[%emt 0:00:44]} Bb5 {[%emt 0:03:08]} 39. Rb1 {[%emt 0:00:45]} a6 {[%emt 0:00:36]} 40. Ke3 {[%emt 0:00:17]} Be8 {[%emt 0:02:31]} 41. g4 {[%emt 0:00:16]} a5 {[%emt 0:00:28]} 42. Kd4 {[%emt 0:00:34]} a4 {[%emt 0:00:26]} 43. Bc2 {[%emt 0:00:36]} Rxa2 {[%emt 0:00:31]} 44. Bd3 {[%emt 0:00:47]} Kf8 {[%emt 0:02:45]} 45. Rb8 {[%emt 0:00:08]} Ke7 {[%emt 0:00:08]} 46. Rb7+ {[%emt 0:00:12]} Kf8 {[%emt 0:01:16]} 47. Rb8 {[%emt 0:00:04]} Ke7 {[%emt 0:01:22]} 48. Rb7+ {[%emt 0:00:02]} 1/2-1/2

[Event "POR-chT 1st Divison 2018"]
[Site "Maia"]
[Date "2018.07.22"]
[Round "9"]
[White "Eggert, Alberto"]
[Black "Gomes, Rui Pedro De Sousa"]
[Result "1-0"]
[WhiteElo "2142"]
[BlackElo "1750"]
[Annotator "NA"]
[PlyCount "79"]
[EventDate "2018.07.16"]
[EventType "team-tourn"]
[EventCountry "POR"]
[SourceTitle "playchess.com"]
[Source "ChessBase"]
[SourceQuality "1"]
[TimeControl "5400+30"]

1. d4 {[%emt 0:00:49]} d5 {[%emt 0:00:12]} 2. Nc3 {[%emt 0:00:54]} c6 {[%emt 0:00:40]} 3. Nf3 {[%emt 0:01:49]} Nf6 {[%emt 0:00:18]} 4. Bf4 {[%emt 0:01:33]} Bf5 {[%emt 0:00:42]} 5. e3 {[%emt 0:00:14]} e6 {[%emt 0:00:16]} 6. a3 {[%emt 0:02:29]} Nbd7 {[%emt 0:03:08]} 7. Bd3 {[%emt 0:02:09]} Bg6 $11 {[%emt 0:05:23]} 8. h3 {[%emt 0:06:26]} Be7 {[%emt 0:02:33]} 9. O-O {[%emt 0:04:13]} O-O {[%emt 0:01:44]} 10. Bxg6 {[%emt 0:03:19]} hxg6 {[%emt 0:00:16]} 11. Qd3 {[%emt 0:00:50]} c5 {[%emt 0:05:55]} 12. e4 {[%emt 0:08:39]} cxd4 {[%emt 0:02:30]} 13. Qxd4 {[%emt 0:00:20]} Qb6 {[%emt 0:15:16]} 14. e5 {[%emt 0:14:12]} Ne8 {[%emt 0:07:35]} 15. Qd2 {[%emt 0:13:45]} Rc8 {[%emt 0:07:57]} 16. Be3 {[%emt 0:11:39]} Bc5 {[%emt 0:08:28]} 17. Na4 {[%emt 0:01:13]} Qb5 {[%emt 0:02:17]} 18. Nxc5 {[%emt 0:01:27]} Nxc5 {[%emt 0:00:43]} 19. Nd4 {[%emt 0:07:07]} Qa6 {[%emt 0:02:46]} 20. f3 {[%emt 0:00:32]} Nd7 {[%emt 0:01:23]} 21. Bf4 {[%emt 0:04:11]} Qc4 {[%emt 0:03:27]} 22. Rad1 {[%emt 0:01:47]} Nc7 {[%emt 0:01:44]} 23. b3 {[%emt 0:01:39]} Qc5 {[%emt 0:01:05]} 24. a4 {[%emt 0:00:38]} a6 {[%emt 0:01:31]} 25. Be3 {[%emt 0:00:15]} Qe7 {[%emt 0:01:22]} 26. Bg5 {[%emt 0:02:06]} Qc5 {[%emt 0:02:21]} 27. Rfe1 {[%emt 0:00:29]} b5 {[%emt 0:00:32]} 28. Be3 {[%emt 0:00:12]} Qe7 {[%emt 0:01:03]} 29. Nc6 {[%emt 0:00:21]} Qe8 {[%emt 0:02:37]} 30. Qa5 {[%emt 0:01:02]} f6 {[%emt 0:03:57]} 31. exf6 {[%emt 0:00:19]} gxf6 {[%emt 0:01:08]} 32. Na7 {[%emt 0:00:11]} e5 {[%emt 0:02:28]} 33. Nxc8 {[%emt 0:00:19]} Qxc8 {[%emt 0:00:09]} 34. axb5 {[%emt 0:00:42]} d4 {[%emt 0:00:44]} 35. Bh6 {[%emt 0:01:30]} Re8 {[%emt 0:00:43]} 36. bxa6 {[%emt 0:00:20]} Nxa6 {[%emt 0:00:35]} 37. Qd5+ {[%emt 0:01:05]} Kh7 {[%emt 0:00:25]} 38. Bc1 {[%emt 0:03:42]} Re7 {[%emt 0:00:51]} 39. Rxd4 {[%emt 0:00:32]} Qxc2 {[%emt 0:00:55]} 40. Rh4+ {[%emt 0:00:13]} 1-0

[Event "POR-chT 1st Divison 2018"]
[Site "Maia"]
[Date "2018.07.22"]
[Round "9"]
[White "Romano, Luis Miguel Pereira"]
[Black "Pereira, Ruben"]
[Result "0-1"]
[WhiteElo "2083"]
[BlackElo "2420"]
[Annotator "TA"]
[PlyCount "72"]
[EventDate "2018.07.16"]
[EventType "team-tourn"]
[EventCountry "POR"]
[SourceTitle "playchess.com"]
[Source "ChessBase"]
[SourceQuality "1"]

{[%evp 18,72,45,34,39,28,58,6,33,2,7,-20,14,-4,-6,-9,0,-8,-15,-42,0,-87,-91,-90,-79,-89,-89,-88,-86,-117,-117,-124,-119,-210,-214,-339,-337,-320,-320,-323,-309,-308,-301,-321,-289,-271,-272,-281,-280,-358,-356,-341,-317,-525,-525,-518,-517]} 1. e4 d5 2. exd5 Qxd5 3. Nc3 Qd6 4. d4 Nf6 5. Nf3 c6 6. Be2 {B01: Skandinavische Verteidigung} (6. Ne5 Nbd7 7. f4 Nb6 8. g4 g6 9. Bg2 Bg7 10. O-O O-O 11. f5 Rd8 12. Ne2 Nfd7 13. Nxf7 Kxf7 14. Bf4 {1-0 (43) Safarli,E (2657)-Hera,I (2620) Brest 2018}) 6... Bg4 7. h3 Bxf3 8. Bxf3 e6 9. O-O Nbd7 10. Re1 {LiveBook: 3 Partien} Be7 11. Be3 Nb6 $146 ({Vorgänger:} 11... O-O 12. Qd2 Qc7 13. Qe2 {½-½ (34) Klundt,K (2347)-Schuster,K (2236) Germany 2008}) 12. Qd2 (12. Ne2 $14) 12... O-O 13. b3 Rfd8 14. Qe2 Qb4 15. Ne4 Nxe4 16. Bxe4 Bf6 17. Rad1 Nd5 18. Qd3 g6 19. c4 (19. Bxd5 $1 $11 cxd5 20. c3) 19... Nxe3 $17 20. fxe3 Bh4 21. Rf1 f5 22. Bf3 {[#]} e5 $1 $36 {[%cal Be6e5,Be5e4][%mdl 2592] Schwarz hat starke Initiative.} 23. Qc2 (23. dxe5 Rxd3) 23... e4 24. Be2 Bg5 25. Qc1 {[#]} (25. Kf2 $17 {kämpft weiter.}) 25... Qd6 $1 $19 26. Rf4 (26. Qc3 {ist wohl besser.}) 26... Bxf4 27. exf4 Qf6 28. Qe3 Kg7 29. d5 cxd5 30. cxd5 a6 31. a4 {[#]} b5 $1 32. axb5 axb5 33. Bxb5 Ra1 34. Rxa1 Qxa1+ 35. Kh2 $2 (35. Kf2) 35... Rxd5 36. Be2 Qd4 {Precision: Weiß = 19%, Schwarz = 63%.} 0-1